La militarización de Centroamérica. Problema de interpretación /
Análisis del proceso de militarización en Centroamérica, durante dos etapas: antes de 1979 y posterior a 1980. Examina el conflicto particular que se presenta en Guatemala, Honduras, El Salvador y Nicaragua, además del involucramiento del gobierno de los Estados Unidos, para concluir determinando el...
Gorde:
| Egile nagusia: | |
|---|---|
| Formatua: | Texto |
| Gaiak: | |
| Etiketak: |
Etiketa erantsi
Etiketarik gabe, Izan zaitez lehena erregistro honi etiketa jartzen!
|
MARC
| LEADER | 00000 a a2200000 04500 | ||
|---|---|---|---|
| 001 | 12694 | ||
| 003 | |||
| 040 | |||
| 100 | |a Benítez Manaut, Raúl | ||
| 245 | |a La militarización de Centroamérica. Problema de interpretación / |c Raúl Benítez Manaut | ||
| 520 | |a Análisis del proceso de militarización en Centroamérica, durante dos etapas: antes de 1979 y posterior a 1980. Examina el conflicto particular que se presenta en Guatemala, Honduras, El Salvador y Nicaragua, además del involucramiento del gobierno de los Estados Unidos, para concluir determinando el papel preponderante que la administración estadounidense juega en el conflicto centroamericano. FBG/mb | ||
| 650 | |a MILITARISMO | ||
| 650 | |a GUERRA | ||
| 650 | |a FUERZAS ARMADAS | ||
| 650 | |a GUERRA CIVIL | ||
| 650 | |a DEFENSA | ||
| 650 | |a POLITICA DE DEFENSA | ||
| 650 | |a INVERSIONES EXTRANJERAS | ||
| 650 | |a AGRESION | ||
| 650 | |a MILITARISMO | ||
| 650 | |a ARMAMENTISMO | ||
| 650 | |a FUERZAS ARMADAS | ||
| 650 | |a AGRESION | ||
| 773 | |g número 21; páginas 59-78 | ||
| 999 | |c 25037 |d 25037 | ||
